LEADER 01129nam0-22003731i-450- 001 990003228730403321 010 $a88-348-6093-4 035 $a000322873 035 $aFED01000322873 035 $a(Aleph)000322873FED01 035 $a000322873 100 $a20000920d1996----km-y0itay50------ba 101 0 $aita 102 $aIT 200 1 $aUnificazione monetaria europea, sistemi creditizi e squilibri territoriali$eSaggi di$fM. Bagella...[et al.]$ga cura di Antonio Murolo. 210 $aTorino$cGiappichelli$d\c\\1996. 215 $aV, 134 p.$d24 cm 676 $aO/1.2430 676 $aO/2.222 676 $aO/2.321 702 1$aBagella,$bMichele 702 1$aMurolo,$bAntonio 801 0$aIT$bUNINA$gRICA$2UNIMARC 901 $aBK 912 $a990003228730403321 952 $aO/2.222 UNI$b16901$fSES 952 $aO/2.222 UNI$b16902$fSES 952 $aO/2.222 UNI$b16903$fSES 952 $aO/2.222 UNI$b16904$fSES 952 $aO/2.222 UNI$b16905$fSES 959 $aSES 996 $aUnificazione monetaria europea, sistemi creditizi e squilibri territoriali$966847 997 $aUNINA DB $aING01 LEADER 00867nam0-22003011i-450- 001 990002958290403321 010 $a88-458-0452-6 035 $a000295829 035 $aFED01000295829 035 $a(Aleph)000295829FED01 035 $a000295829 100 $a20000920d1999----km-y0itay50------ba 101 0 $aITA 200 1 $aAgrigento$ecensimento intermedio dell'industria e dei servizi, 31 dicembre 1996$fIstituto Nazionale di Statistica 210 $aRoma$cIstat$d1999 215 $a85 p.$d29 cm 300 $aVol.84 610 0 $aCensimento intermedio industria e servizi$aAgrigento$a1996 676 $a351.81 700 1$aIstat$0445627 801 0$aIT$bUNINA$gRICA$2UNIMARC 901 $aBK 912 $a990002958290403321 952 $aCDI-CENS96Agr-Pos-174$b7220$fMAS 959 $aMAS 996 $aAgrigento$9466214 997 $aUNINA DB $aING01